000 00955nam a22001697a 4500
003 SGT
020 _a9788121924504
082 _a621.381,MEH
100 _aMEHTA,V.K
245 _aPRINCIPLES OF ELECTRONICS
250 _a1ST
260 _aNEW DELHI
_bS.CHAND
_c2016
300 _a778
650 _aELECTRONICS, PHYSICS
653 _aELECTRON EMISSION,VACUUM TUBES,VACCUM TUBE RECTIFIERS,VACUUM TUBE AMPLIFIERS,GAS-FILLED TUBES, ATOMIC STRUCTURE,SEMICONDUCTOR PHYSICS,SEMICONDUCTOR DIODE,TRANSISTORS,TRANSISTOR BIASING,SINGLE STAGE TRANSISTOR AMPLIFIERS,MULTI STAGE TRANSISTOR AMPLIFIERS,TRANSISTOR AUDIO POWER AMPLIFIERS,AMPLIFIERS WITH NEGATIVE FEEDBACK,SINUSOIDAL OSCILLATORS,TRANSISTOR TUNED AMPLIFIERS,MODULATION AND DEMODULATION,REGULATED D.C. POWER SUPPLY,SOLID STATE SWITCHING CIRCUITS,FIELD EFFECT TRANSISTORS,SILICON CONTROLLED RECTIFIER,ELECTRONIC INSTRUMENTS,INTEGRATED CIRCUITS,HYBRID PARAMETERS,DIGITAL ELECTRONICS
942 _2ddc
_cFPS
_019
999 _c9844
_d9844